| 000 | 00590nam a2200181 i 4500 | ||
|---|---|---|---|
| 001 | 29346 | ||
| 003 | ES-MaACL | ||
| 005 | 20230906154021.0 | ||
| 007 | t| | ||
| 008 | 030121s1880 sp ||||1| spa d | ||
| 100 | 1 |
_aBalzac, Honoré de, _d1799-1850 _925139 |
|
| 245 | 1 | 0 |
_aSarrasine / _cHonoré de Balzac ; (traducción de G. C.). |
| 260 |
_aMadrid : _b[s.n.], _c1880 ( _fImp. La Guinalda) |
||
| 300 |
_a63 p. ; _c18 cm. |
||
| 700 | 1 |
_aCerrajería, Gonzalo. _937559 |
|
| 852 |
_aES-MaACL _jT-399-F-15 _z.- Dedicatoria manuscrita del traductor G.[onzalo] Cerrajería |
||
| 999 |
_c29346 _d29346 |
||